| 000 | 01007cam a22002771 4500 | ||
|---|---|---|---|
| 001 | sa 67001429 | ||
| 003 | DLC | ||
| 005 | 20260227112322.0 | ||
| 008 | 881007s1965 ii 000 0 san | ||
| 010 | _asa 67001429 | ||
| 035 | _a(OCoLC)18580117 | ||
| 040 |
_aDLC _cNRU _dMiU _dDLC |
||
| 042 | _apremarc | ||
| 050 | 0 | 0 |
_aPK521.D53 _bT7 |
| 100 | 1 | _aTripāṭhī, Bhāgīrathaprasāda. | |
| 245 | 1 | 0 |
_aPāṇinīyadhātupāṭhasamīkṣā. _clekhakaḥ sampd̄akasha Bhāgīrathaprasāda Tripṭ̄hī 'Vḡīśḥśāstrī. |
| 260 |
_aVārāṇasyāṃ, _b[Director, Research Institute, Varanaseya Sanskrit Vishvavidyalaya] _c[1965] |
||
| 300 |
_a19, 764 p. _c26 cm. |
||
| 490 | 0 |
_aSarasvatībhavana-adhyayanaml̄ā, _v14 |
|
| 500 | _aAdded t.p.: Pāṇinīya-Dhātupāṭha-samīkṣā. | ||
| 500 | _aIn Sanskrit. | ||
| 504 | _aBibliography: p. [762]-764. | ||
| 600 | 0 | 0 |
_aPṇ̄inī. _tDhātupāṭha. |
| 650 | 0 |
_aSanskrit language _xRoots. |
|
| 740 | 0 | _aPāṇinīya-Dhātupṭ̄ha-samīkṣā. | |
| 999 |
_c72627 _d72627 |
||